Statistiques concernant Rongeurs A-Z

Cliquez ici pour prendre le quiz!

Statistiques générales

  • Ce quiz a été pris 85 fois
  • Le résultat moyen est 6 sur 12

Statistiques - réponses

HintRéponse% Correct
SSouris
93%
CCampagnol
90%
RRat
90%
EEcureuil
74%
HHamster
59%
MMara
59%
LLérot
44%
GGaufre
42%
OOctodon
11%
AAgouti
10%
PPolatouche
7%
XXérus
4%

Distribution des résultats

Percentile par nombre de réponses

% des personnes avec chaque résultat

Votre développement - résultats

Vous n’avez pas pris ce quiz